MARC details
| 000 -LEADER |
| fixed length control field |
01533nam a22003377a 4500 |
| 003 - CONTROL NUMBER IDENTIFIER |
| control field |
OSt |
| 005 - DATE AND TIME OF LATEST TRANSACTION |
| control field |
20250911173639.0 |
| 008 - FIXED-LENGTH DATA ELEMENTS--GENERAL INFORMATION |
| fixed length control field |
240206b ||||| |||| 00| 0 eng d |
| 040 ## - CATALOGING SOURCE |
| Transcribing agency |
0 |
| 082 ## - DEWEY DECIMAL CLASSIFICATION NUMBER |
| Classification number |
DPer 621.381 In821 April 2022 v. 37 n. 4 |
| 100 ## - MAIN ENTRY--PERSONAL NAME |
| Personal name |
Wang, Yuangang |
| Relator term |
author. |
| 9 (RLIN) |
51551 |
| 245 ## - TITLE STATEMENT |
| Title |
2.41 kV vertical P-Nio/n-Ga₂O₃ heterojunction diodes with a record baliga's figure-of-merit of 5.18 GW/cm² / |
| Statement of responsibility, etc. |
Yuangang Wang, Hehe Gong, Yuanjie Lv, Xingchang Fu, Shaobo Dun, Tingting Han, Hongyu Liu, Xingye Zhou, Shixiong Liang, Jiandong Ye, Rong Zhang, Aimin Bu, Shujun Cai, and Zhihong Feng. |
| 260 ## - PUBLICATION, DISTRIBUTION, ETC. (IMPRINT) |
| Place of publication, distribution, etc. |
New York ; |
| Name of publisher, distributor, etc. |
The Institute of Electrical and Electronics Engineers, Inc. , |
| Date of publication, distribution, etc. |
April 2022. |
| 300 ## - PHYSICAL DESCRIPTION |
| Extent |
Volume 37, pages 3743-3746 : |
| Other physical details |
illustration ; |
| Dimensions |
28 cm. |
| 500 ## - GENERAL NOTE |
| General note |
IEEE Transactions on Power Electronics, vol. 37, no. 4, pages 3743-3746, April 2022. |
| 700 ## - ADDED ENTRY--PERSONAL NAME |
| Personal name |
Wang, Yuangang |
| Relator term |
author. |
| 9 (RLIN) |
51551 |
| 700 ## - ADDED ENTRY--PERSONAL NAME |
| Personal name |
Gong, Hehe. |
| Relator term |
author. |
| 9 (RLIN) |
51552 |
| 700 ## - ADDED ENTRY--PERSONAL NAME |
| Personal name |
Lv, Yuanjie. |
| Relator term |
author. |
| 9 (RLIN) |
51553 |
| 700 ## - ADDED ENTRY--PERSONAL NAME |
| Personal name |
Fu, Xingchang. |
| Relator term |
author. |
| 9 (RLIN) |
51554 |
| 700 ## - ADDED ENTRY--PERSONAL NAME |
| Personal name |
Dun, Shaobo. |
| Relator term |
author. |
| 9 (RLIN) |
51555 |
| 700 ## - ADDED ENTRY--PERSONAL NAME |
| Personal name |
Han, Tingting. |
| Relator term |
author. |
| 9 (RLIN) |
51556 |
| 700 ## - ADDED ENTRY--PERSONAL NAME |
| Personal name |
Liu, Hongyu. |
| Relator term |
author. |
| 9 (RLIN) |
51557 |
| 700 ## - ADDED ENTRY--PERSONAL NAME |
| Personal name |
Zhou, Xingye. |
| Relator term |
author. |
| 9 (RLIN) |
51558 |
| 700 ## - ADDED ENTRY--PERSONAL NAME |
| Personal name |
Liang, Shixiong. |
| Relator term |
author. |
| 9 (RLIN) |
51559 |
| 700 ## - ADDED ENTRY--PERSONAL NAME |
| Personal name |
Ye, Jiandong. |
| Relator term |
author. |
| 9 (RLIN) |
51560 |
| 700 ## - ADDED ENTRY--PERSONAL NAME |
| Personal name |
Zhang, Rong. |
| Relator term |
author. |
| 9 (RLIN) |
51561 |
| 700 ## - ADDED ENTRY--PERSONAL NAME |
| Personal name |
Bu, Aimin. |
| Relator term |
author. |
| 9 (RLIN) |
51562 |
| 700 ## - ADDED ENTRY--PERSONAL NAME |
| Personal name |
Cai, Shujun. |
| Relator term |
author. |
| 9 (RLIN) |
51563 |
| 700 ## - ADDED ENTRY--PERSONAL NAME |
| Personal name |
Feng, Zhihong. |
| Relator term |
author. |
| 9 (RLIN) |
51564 |
| 942 ## - ADDED ENTRY ELEMENTS (KOHA) |
| Source of classification or shelving scheme |
Dewey Decimal Classification |
| Koha item type |
Periodicals |